000 00634nam a2200205 a 4500
001 BRCA_2631
005 20190320203910.0
008 011208s1922----gw-a---###---#000-0#ger-u
050 4 _aNE670
_b.D38O7 1922
100 1 _aDavidsohn, Paul
_97493
245 1 0 _aAdriaen van Ostade, 1610-1685
_bVerzeichnis seiner Original radierungen
_cvon Paul Davidsohn.
260 _aLeipzig, Alemania
_bC. G. Boerner
_c1922
300 _a31 p.
_bil.
_c27 cm.
500 _aA80
600 1 4 _aOstade, Adriaen van
_d1610-1685
_97365
650 1 4 _aAguafuertistas holandeses
_97494
650 1 4 _aPintores holandeses
_97495
902 _aGFM
942 _2lcc
_cB
999 _c2371
_d2371